000 00552nam a22001817a 4500
005 20251108172820.0
008 250721s2002 xx 000 0 ara d
082 1 4 _a306.956/غلو
100 1 _aغلوم، إبراهيم عبد الله
245 1 0 _aالثقافة و إنتاج الديمقراطية /
264 1 _aعمان :
_bدار الفارس للنشر،
_c2002.
300 _a340 ص.
650 1 7 _aالثقافة
650 1 7 _aالديمقراطية
650 1 7 _aالبلدان العربية
942 _2ddc
_cBK
999 _c89184
_d89184